000 00313nam a22001337a 4500
008 181218b xxu||||| |||| 00| 0 eng d
020 _a9780201808759
041 _aeng
080 _24th
_a510
100 _a36
101 _aMAT
245 _aFundamentals of Differential Equations
_cNagle, R.K
942 _2udc
_cBK
999 _c53469
_d53469